1438 1495 1272 1935 1652 1416 1317 1806 1418 1245 1978 1322 1560 1433 1420 1521 1849 1097 1439 1162 1035 1377 1197 1762 1673 1441 1972 1321 1137 1354 1028 1415 1892 1997 1544 1421 1738 1934 1980 1551 1702 1303 1756 1204 1378 1450 1434 1282 1377 1655 1438 1502 1874 1111 1130 1506 1655 1504 1433 1303 1266 1216 1619 1025 1779 1919 1756 1392 1856 1483 1165 1818 1798 1230 1029 1041 1288 1996 1757 1905 1701 1752 1244 1086 1647 1086 1558 1632 1225 1586 1397 1550 1886 1593 1568 1178 1321 1726 1073 BCNSPRNW ULIB Ver.6.0+V

เปลี่ยนเป็นภาษาไทย

Change to English
 แสดงรายละเอียดบรรณานุกรม
  กลับหน้าหลัก

Brief Record : Get Marc (ISO 2709) : E-mail record : QR code < ปิดหน้าต่าง
LEADER : 00000nam 2200000uu 4500
001    13399109305
003     ULIB
008    110328s2546||||th 000 0 tha d
020    9749181034
060 04 WA540.KA8^bส652ป 2546
245 00 ไปดูการกระจายอำนาจด้านสุขภาพที่ออสเตรเลีย (13-26 กรกฎาคม2546) /^cบรรณาธิการ, ปรีดา แต้อารักษ์, รำไพ แก้ววิเชียร ; ผู้เขียน/สนับสนุนข้อมูลในการเขียน: ลือชา วนรัตน์ ... และคนอื่นๆ]
250    พิมพ์ครั้งที่ 1
260    [นนทบุรี] :^bกลุ่มสนับสนุนและพัฒนาการกระจายอำนาจด้านสุขภาพสำนักนโยบายและยุทธศาสตร์ กระทรวงสาธารณสุข,^c2546
300    80 หน้า :^bภาพประกอบ ;^c21 ซม.
650  7 การบริการสาธารณสุข^zออสเตรเลีย
650  7 การปฏิรูประบบบริการสาธารณสุข^zออสเตรเลีย
700 0  ลือชา วนรัตน์
700 0  ปรีดา แต้อารักษ์,^eบรรณาธิการ
700 0  รำไพ แก้ววิเชียร,^eบรรณาธิการ
710 2  กระทรวงสาธารณสุข. ^bสำนักนโยบายและยุทธศาสตร์.^bกลุ่มสนับสนุนและพัฒนาการกระจายอำนาจด้านสุขภาพ
945    ^p0^l0^i016055
945    ^p0^l0^i016054
945    ^p0^l0^i016056
995    ทศพร
999 ^a ใช้งานได้ทุกระบบ
รายการนี้ยังไม่มีแท็ก
คุณยังไม่ได้ล็อกอิน คุณสามารถมีกิจกรรมร่วมกับเว็บไซต์ได้ แต่ต้องล็อกอินก่อน ::
  ล็อกอิน

รายการสื่อสารสนเทศ

ลำดับที่ ประเภท เลขเรียก/บาร์โค้ด สถานที่ สถานะ
- ไม่พบข้อมูล -

BibComment


ยังไม่เคยถูกคอมเมนท์

คอมเมนท์ทรัพยากรรายการนี้
  คอมเมนท์: ไปดูการกระจายอำนา..


 Copyright 2026. Bcnsprnw @Library